|
|
|
|
| LEADER |
00000nas a2200000 i 4500 |
| 001 |
ssj0001259185 |
| 003 |
WaSeSS |
| 005 |
20200512172242.0 |
| 006 |
m d |
| 007 |
cr n |
| 008 |
130722c20109999ck fr p s 0 b0spa c |
| 010 |
|
|
|a 2014254356
|
| 022 |
|
|
|a 2145-9045
|y 2145-8987
|
| 035 |
|
|
|a (WaSeSS)ssj0001259185
|
| 040 |
|
|
|a HUA
|b eng
|e pn
|c HUA
|d OCLCO
|d NTE
|d CUS
|d OCLCF
|d AU@
|d WaSeSS
|
| 042 |
|
|
|a pcc
|
| 050 |
1 |
4 |
|a PQ7081.A1
|b P469
|
| 245 |
0 |
0 |
|a Perífrasis
|h [electronic resource].
|
| 260 |
|
|
|a Bogotá-Colombia :
|b Universidad de los Andes,
|c 2010-
|
| 310 |
|
|
|a Biannual
|
| 362 |
1 |
|
|a Began with Volumen 1, #1 (enero/junio 2010).
|
| 500 |
|
|
|a "Revista de Literatura, Teoría y Crítica."
|
| 506 |
|
|
|a License restrictions may limit access.
|
| 588 |
|
|
|a Description based on: Volumen 1, #1 (enero/junio 2010); title from PDF title page (publisher's website, viewed June 16, 2014).
|
| 588 |
|
|
|a Latest issue consulted: Volumen 4, #8 (julio/diciembre 2013) (viewed June 16, 2014).
|
| 650 |
|
0 |
|a Spanish American literature
|x History and criticism
|v Periodicals.
|
| 650 |
|
0 |
|a Literature
|v Periodicals.
|
| 650 |
|
7 |
|a Literature.
|2 fast
|0 (OCoLC)fst00999953
|
| 650 |
|
7 |
|a Spanish American literature.
|2 fast
|0 (OCoLC)fst01128195
|
| 655 |
|
0 |
|a Electronic journals.
|
| 710 |
2 |
|
|a Universidad de los Andes (Bogotá, Colombia).
|b Departamento de Humanidades y Literatura.
|
| 776 |
0 |
8 |
|i Print version:
|t Perífrasis
|x 2145-8987
|w (OCoLC)732362724
|
| 856 |
4 |
0 |
|z Full text available from PRISMA Database with HAPI Index: 01/01/2013 to 01/31/2017
|u https://search.proquest.com/publication/2033851
|